[Event "World Blitz 2018"]
[Site "St Petersburg RUS"]
[Date "2018.12.29"]
[Round "4.15"]
[White "Oganian, Miran"]
[Black "Dreev, Aleksey"]
[Result "0-1"]
[WhiteTitle "IM"]
[BlackTitle "GM"]
[WhiteElo "2423"]
[BlackElo "2670"]
[WhiteFideId "4122488"]
[BlackFideId "4100107"]
[EventDate "2018.12.29"]
[EventType "blitz"]

1. d4 d5 2. c4 c6 3. Nf3 Nf6 4. Qc2 dxc4 5. Qxc4 Bg4 6. Nbd2 Nbd7 7. g3 e6 8.
Bg2 Be7 9. O-O O-O 10. Ne5 Bh5 11. Nxd7 Qxd7 12. Nb3 Rfd8 13. e4 Rac8 14. Be3
Bg6 15. f3 Qe8 16. Rfd1 Nd7 17. Nc5 Nxc5 18. dxc5 Rxd1+ 19. Rxd1 Rd8 20. Rd3 Rd7
21. Bf1 Qd8 22. b4 e5 23. Kf2 Kf8 24. Ke2 Rxd3 25. Qxd3 Qxd3+ 26. Kxd3 Ke8 27.
Bh3 Kd8 28. Kc4 Bh5 29. Bg4 Bxg4 30. fxg4 a6 31. Bd2 Kd7 32. Kd3 Ke6 33. Bc3 g6
34. Ke3 Bg5+ 35. Kf3 Bc1 36. Ke2 Ba3 37. Kd3 a5 38. bxa5 Bxc5 39. Kc4 Bg1 40. h3
Bf2 41. a4 Bxg3 42. a6 bxa6 43. Kc5 f5 44. gxf5+ gxf5 45. exf5+ Kxf5 46. Kxc6 e4
47. Kb6 e3 48. Kxa6 Ke4 49. Kb7 Kd3 50. Bb4 Kc4 51. a5 Kxb4 52. a6 e2 53. a7
e1=Q 54. a8=Q Qe4+ 55. Ka7 Bf2+ 56. Kb8 Qe8+ 57. Kb7 Qd7+ 58. Ka6 Qb5# 0-1

[Event "World Blitz 2018"]
[Site "St Petersburg RUS"]
[Date "2018.12.29"]
[Round "4.37"]
[White "Christiansen, Johan-Sebastian"]
[Black "Vokhidov, Shamsiddin"]
[Result "0-1"]
[WhiteTitle "GM"]
[BlackTitle "IM"]
[WhiteElo "2555"]
[BlackElo "2480"]
[WhiteFideId "1512668"]
[BlackFideId "14204223"]
[EventDate "2018.12.29"]
[EventType "blitz"]

1. e4 e5 2. Nf3 Nc6 3. Nc3 Nf6 4. a3 d5 5. Bb5 Nxe4 6. Nxe5 Qg5 7. Nxc6 Qxg2 8.
Rf1 a6 9. Nxd5 axb5 10. Nxc7+ Kd7 11. Nxa8 Kxc6 12. a4 bxa4 13. d4 Bb4+ 14. c3
Nxc3 15. Qd3 Re8+ 16. Be3 Rxe3+ 17. fxe3 Nd5+ 18. Kd1 Nxe3+ 19. Kc1 Qxf1+ 20.
Qxf1 Nxf1 21. Rxa4 Kb5 22. b3 Ba5 23. Rc4 Be6 24. Rc5+ Ka6 25. d5 Bd7 26. Nc7+
Kb6 27. Rc4 0-1

[Event "World Blitz 2018"]
[Site "St Petersburg RUS"]
[Date "2018.12.29"]
[Round "4.38"]
[White "Drygalov, Andrey"]
[Black "Shaposhnikov, Evgeny"]
[Result "1/2-1/2"]
[WhiteTitle "IM"]
[BlackTitle "GM"]
[WhiteElo "2481"]
[BlackElo "2576"]
[WhiteFideId "24171735"]
[BlackFideId "4122232"]
[EventDate "2018.12.29"]
[EventType "blitz"]

1. e4 e6 2. d4 d5 3. Nd2 Nc6 4. Ngf3 Nf6 5. e5 Nd7 6. Nb3 a5 7. a4 b6 8. Bb5 Na7
9. Be2 Be7 10. h4 c5 11. c3 Nc6 12. h5 Ba6 13. h6 g6 14. Bxa6 Rxa6 15. Qe2 Ra8
16. O-O O-O 17. c4 Nb4 18. cxd5 Nxd5 19. dxc5 bxc5 20. Nbd2 Qb6 21. Nc4 Qa6 22.
Re1 Rfb8 23. Bd2 Nb4 24. Bg5 Bf8 25. Be3 Nb6 26. Nxb6 Qxe2 27. Rxe2 Rxb6 28. Nd2
Nd5 29. Nc4 Rb4 30. Rc1 Nxe3 31. fxe3 Bxh6 32. Kf2 Bg7 33. Rd2 Rab8 34. Nxa5
Rxb2 35. Rxb2 Rxb2+ 36. Kf3 Bxe5 37. Nc4 Rb4 38. Nxe5 Rxa4 39. Rxc5 Ra7 40. g4
h6 41. Nd3 Kg7 42. Rc3 Ra5 43. Rc7 h5 44. gxh5 Rxh5 45. Nf4 Rf5 46. e4 Re5 47.
Nd3 Ra5 48. e5 g5 49. Rc8 Kg6 50. Rf8 Ra3 51. Ke4 Ra4+ 52. Ke3 Rh4 53. Nf2 Kf5
54. Rxf7+ Kxe5 1/2-1/2

[Event "World Blitz 2018"]
[Site "St Petersburg RUS"]
[Date "2018.12.29"]
[Round "4.40"]
[White "Teterev, Vitaly"]
[Black "Pantsulaia, Levan"]
[Result "0-1"]
[WhiteTitle "GM"]
[BlackTitle "GM"]
[WhiteElo "2486"]
[BlackElo "2597"]
[WhiteFideId "13501429"]
[BlackFideId "13602071"]
[EventDate "2018.12.29"]
[EventType "blitz"]

1. Nf3 c5 2. e4 e6 3. d3 Nc6 4. g3 Nf6 5. Bg2 d6 6. O-O Be7 7. Re1 O-O 8. c3 Bd7
9. a3 Rc8 10. Nbd2 b5 11. d4 cxd4 12. cxd4 Qb6 13. Nb3 d5 14. e5 Ne4 15. Be3 a5
16. Rc1 a4 17. Nc5 Nxc5 18. dxc5 Qa5 19. Bg5 Bxg5 20. Nxg5 h6 21. Nf3 b4 22. Nd4
bxa3 23. bxa3 Rb8 24. Bf1 Rb2 25. Re2 Rfb8 26. Nxc6 Bxc6 27. Qd4 Rxe2 28. Bxe2
Rb3 29. Bh5 g6 30. Bg4 h5 31. Bh3 Rxa3 32. Qf4 Rc3 33. Rb1 Rb3 34. Rc1 Qd8 35.
Qh6 Qf8 36. Qg5 Kh7 37. Qf6 Qg7 38. Qe7 a3 39. Qa7 d4 40. Qa6 Bd5 41. c6 Qxe5
42. Qa7 Kg7 43. Bg2 Bxg2 44. c7 Bd5 45. c8=Q Qe4 46. Qxf7+ 0-1

[Event "World Blitz 2018"]
[Site "St Petersburg RUS"]
[Date "2018.12.29"]
[Round "4.48"]
[White "Yudin, Sergei"]
[Black "Ragger, Markus"]
[Result "1-0"]
[WhiteTitle "GM"]
[BlackTitle "GM"]
[WhiteElo "2507"]
[BlackElo "2687"]
[WhiteFideId "4159659"]
[BlackFideId "1610856"]
[EventDate "2018.12.29"]
[EventType "blitz"]

1. e4 e5 2. Nf3 Nc6 3. Bc4 Bc5 4. d3 Nf6 5. O-O d6 6. c3 a6 7. Bb3 Ba7 8. h3 h6
9. Be3 g5 10. Bxa7 Rxa7 11. Nh2 h5 12. d4 g4 13. dxe5 dxe5 14. Qxd8+ Nxd8 15.
hxg4 hxg4 16. Nd2 b5 17. a4 c6 18. Rfe1 Ne6 19. Nhf1 Nc5 20. Bc2 Rd7 21. axb5
axb5 22. b4 Ne6 23. Nb3 Nf4 24. Nc5 Rd8 25. Ra7 Nd7 26. Bb3 O-O 27. Nb7 Bxb7 28.
Rxb7 Nf6 29. Rc7 Rd6 30. Ng3 Ne8 31. Re7 Ng6 32. Rb7 Ng7 33. Nf5 Nxf5 34. exf5
Nf4 35. Rxe5 Kg7 36. Ree7 Nd5 37. Bxd5 Rxd5 38. Rbc7 Kf6 39. Kh2 Rd3 40. Re3
Rxe3 41. fxe3 Kxf5 42. Rxc6 Ke4 43. Kg3 f5 44. Re6+ Kd3 45. Re5 Kxc3 46. Rxb5
Kc4 47. Re5 Kxb4 48. Kf4 Kc4 49. Rxf5 Rg8 50. e4 g3 51. Rg5 Rf8+ 52. Kxg3 Kd4
53. Rf5 Re8 54. Kf3 Ra8 55. Rd5+ Kc4 56. Kf4 Ra2 57. g4 Rf2+ 58. Kg5 Re2 59. Kf5
Rf2+ 60. Kg6 Rf4 61. g5 Rxe4 62. Rd1 Re7 63. Kf6 Ra7 64. g6 Ra6+ 65. Kg5 Ra5+
66. Kh6 1-0

[Event "World Blitz 2018"]
[Site "St Petersburg RUS"]
[Date "2018.12.29"]
[Round "4.62"]
[White "Potkin, Vladimir"]
[Black "Khismatullin, Denis"]
[Result "1-0"]
[WhiteTitle "GM"]
[BlackTitle "GM"]
[WhiteElo "2597"]
[BlackElo "2621"]
[WhiteFideId "4131061"]
[BlackFideId "4142578"]
[EventDate "2018.12.29"]
[EventType "blitz"]

1. d4 Nf6 2. c4 e6 3. Nf3 a6 4. Bg5 d5 5. e3 Nbd7 6. Nc3 Be7 7. Qc2 h6 8. Bh4
O-O 9. cxd5 exd5 10. Bd3 c6 11. h3 Re8 12. Bg3 b5 13. O-O Bb7 14. Rad1 Rc8 15.
a3 c5 16. dxc5 Rxc5 17. Qe2 Qb6 18. Ne5 Nf8 19. Bf5 Ne4 20. Nxe4 dxe4 21. Nd7
Nxd7 22. Bxd7 Rd8 23. Rd2 Bd5 24. Qg4 h5 25. Qd1 Rxd7 26. b4 Rc3 27. Rxd5 Rxd5
28. Qxd5 Rxa3 29. Qxe4 Qe6 30. Qa8+ Kh7 31. Rd1 h4 32. Bf4 g5 33. Bc7 Bxb4 34.
Rd8 Bc3 35. Qf3 Ra1+ 36. Kh2 Be5+ 37. g3 hxg3+ 38. Kg2 Bxc7 39. Qh5+ Kg7 40.
Qh8+ Kg6 41. Rg8+ Kf5 42. Qh7+ Ke5 43. Rxg5+ Kd6 44. Qd3+ Ke7 45. Qc3 Bd6 46.
Qxa1 Qe4+ 47. Kg1 Qg2+ 1-0

[Event "World Blitz 2018"]
[Site "St Petersburg RUS"]
[Date "2018.12.29"]
[Round "5.24"]
[White "Antipov, Mikhail Al."]
[Black "Giri, Anish"]
[Result "0-1"]
[WhiteTitle "GM"]
[BlackTitle "GM"]
[WhiteElo "2589"]
[BlackElo "2783"]
[WhiteFideId "4107012"]
[BlackFideId "24116068"]
[EventDate "2018.12.29"]
[EventType "blitz"]

1. e4 c5 2. Nf3 d6 3. Bb5+ Nd7 4. Ba4 Nf6 5. O-O a6 6. c4 e6 7. Nc3 Be7 8. d4
cxd4 9. Qxd4 O-O 10. h3 Qc7 11. Bg5 h6 12. Bh4 Ne5 13. Nd2 b6 14. Bb3 Bb7 15.
Qe3 Ng6 16. Bg3 Nh5 17. Bh2 Bg5 18. Qe1 Bf4 19. Bxf4 Nhxf4 20. Qe3 Kh8 21. Bd1
f5 22. Bf3 fxe4 23. Bxe4 Ne5 24. Bxb7 Qxb7 25. Nce4 Rad8 26. Rad1 d5 27. Nd6
Rxd6 28. Qxe5 dxc4 29. Ne4 Rd5 30. Rxd5 Qxd5 31. Qxd5 exd5 32. Nd6 Kg8 33. h4
Rd8 34. Nf5 d4 35. g3 Ne6 36. Rc1 b5 37. Kg2 h5 38. a4 Kf7 39. axb5 axb5 40. f3
g6 0-1

[Event "World Blitz 2018"]
[Site "St Petersburg RUS"]
[Date "2018.12.29"]
[Round "5.35"]
[White "Abdusattorov, Nodirbek"]
[Black "Bosiocic, Marin"]
[Result "1-0"]
[WhiteTitle "GM"]
[BlackTitle "GM"]
[WhiteElo "2546"]
[BlackElo "2599"]
[WhiteFideId "14204118"]
[BlackFideId "14507927"]
[EventDate "2018.12.29"]
[EventType "blitz"]

1. e4 d6 2. d4 Nf6 3. Nc3 g6 4. g3 Bg7 5. Bg2 O-O 6. Nge2 Nbd7 7. O-O e5 8. h3
c6 9. Re1 b5 10. a3 Nb6 11. b3 Bb7 12. Bb2 a6 13. Qd2 Re8 14. Rad1 Qc7 15. Qc1
Rad8 16. Qa1 Nfd7 17. Na2 c5 18. d5 f5 19. exf5 gxf5 20. f4 Nf8 21. fxe5 dxe5
22. Nac3 b4 23. d6 Rxd6 24. Rxd6 bxc3 25. Nxc3 Bxg2 26. Rxb6 Qxb6 27. Kxg2 Qc6+
28. Kh2 Ng6 29. Qd1 e4 30. Qh5 f4 31. gxf4 Nxf4 32. Qf5 Ng6 33. Nd1 Bxb2 34.
Nxb2 e3 35. Nc4 Qc7+ 36. Kh1 Qg3 37. Rf1 Rf8 38. Qe6+ Kg7 39. Nxe3 Rxf1+ 40.
Nxf1 Qf3+ 41. Kg1 Nf4 42. Qg4+ Qxg4+ 43. hxg4 Ne2+ 44. Kf2 Nd4 45. Ne3 Kf6 46.
b4 cxb4 47. axb4 Kg5 48. c3 Nc6 49. Kg3 Ne7 50. c4 Nc6 51. b5 axb5 52. cxb5 Na5
53. b6 Nb7 54. Kf3 Nc5 55. Nc4 h5 56. gxh5 1-0

[Event "World Blitz 2018"]
[Site "St Petersburg RUS"]
[Date "2018.12.29"]
[Round "5.47"]
[White "Sargissian, Gabriel"]
[Black "Yilmaz, Mustafa"]
[Result "1-0"]
[WhiteTitle "GM"]
[BlackTitle "GM"]
[WhiteElo "2689"]
[BlackElo "2636"]
[WhiteFideId "13300881"]
[BlackFideId "6302718"]
[EventDate "2018.12.29"]
[EventType "blitz"]

1. d4 Nf6 2. Nf3 e6 3. c4 c5 4. e3 a6 5. Nc3 d5 6. cxd5 exd5 7. Be2 Nc6 8. O-O
Bg4 9. h3 Bh5 10. b3 Bd6 11. dxc5 Bxc5 12. Bb2 O-O 13. Nh4 Bxe2 14. Nxe2 Re8 15.
Nf3 Ne4 16. Ned4 Rc8 17. Rc1 Ba7 18. Qd3 Nb4 19. Qb1 Nc6 20. Rfd1 Qd7 21. Nxc6
bxc6 22. Bd4 c5 23. Bb2 Qe6 24. Qd3 Red8 25. Qe2 h6 26. Ne5 Re8 27. Nd3 Bb8 28.
Qf3 c4 29. Nf4 Bxf4 30. Qxf4 c3 31. Ba1 Rc6 32. Rd4 c2 33. Qg4 Qxg4 34. hxg4
Rec8 35. Rxd5 f6 36. Rd4 Nd6 37. Bb2 Nb5 38. Rd2 a5 39. Kf1 Nd6 40. Ke2 Ne4 41.
Rd4 Nd6 42. Kd2 Nb5 43. Rd3 Rc5 44. f3 R8c7 45. a4 Na7 46. Bd4 Rg5 47. Rxc2
Rxc2+ 48. Kxc2 Nc6 49. Bc3 h5 50. Rd6 Ne7 51. gxh5 Nf5 52. Rd8+ Kf7 53. e4 Ne3+
54. Kd3 Nxg2 55. Bd2 Rxh5 56. Rd5 Rh3 57. Rxa5 Rxf3+ 58. Kc2 g5 59. Ra7+ Kg6 60.
Ra8 Kf7 61. a5 Ne3+ 62. Bxe3 Rxe3 63. a6 Re2+ 64. Kd3 Ra2 65. b4 g4 66. b5 g3
67. Rc8 g2 68. Rc1 Ra5 69. Kc4 Ke6 70. Rg1 Ra2 71. Kc5 Kd7 72. Kb6 Kc8 73. Ka7
Kc7 74. b6+ Kc6 75. b7 1-0

[Event "World Blitz 2018"]
[Site "St Petersburg RUS"]
[Date "2018.12.29"]
[Round "5.67"]
[White "Reshetnikov, Alexey"]
[Black "Rakhmanov, Aleksandr"]
[Result "1/2-1/2"]
[WhiteTitle "IM"]
[BlackTitle "GM"]
[WhiteElo "2492"]
[BlackElo "2629"]
[WhiteFideId "4162080"]
[BlackFideId "4173708"]
[EventDate "2018.12.29"]
[EventType "blitz"]

1. b3 Nf6 2. Bb2 e6 3. c4 b6 4. e3 Bb7 5. Nf3 g6 6. Be2 Bg7 7. O-O O-O 8. d3 d6
9. Nbd2 Nbd7 10. a3 Qe7 11. b4 e5 12. Qc2 e4 13. dxe4 Nxe4 14. Bxg7 Kxg7 15.
Nxe4 Bxe4 16. Qb2+ Qf6 17. Qxf6+ Kxf6 18. Nd4 a6 19. f3 Bb7 20. Rfd1 Ke7 21. Kf2
f5 22. Rac1 c5 23. Nb3 Bc6 24. Rd3 Ba4 25. Nd2 Ne5 26. Rdc3 Rfc8 27. f4 Nd7 28.
Bf3 Rab8 29. e4 b5 30. exf5 gxf5 31. Re1+ Kf6 32. Rce3 Nf8 33. bxc5 Rxc5 34. Rd3
Rd8 35. cxb5 Bxb5 36. Rd5 Rxd5 37. Bxd5 Rc8 38. Nf3 Rc5 39. Bb3 Rc3 40. Re3 Rc1
41. Nd4 Bc4 42. Ne2 1/2-1/2

[Event "World Blitz 2018"]
[Site "St Petersburg RUS"]
[Date "2018.12.29"]
[Round "5.96"]
[White "Kobo, Ori"]
[Black "Belyakov, Bogdan"]
[Result "0-1"]
[WhiteTitle "GM"]
[BlackTitle "IM"]
[WhiteElo "2494"]
[BlackElo "2459"]
[WhiteFideId "2812320"]
[BlackFideId "24104795"]
[EventDate "2018.12.29"]
[EventType "blitz"]

1. Nf3 Nf6 2. c4 g6 3. g3 Bg7 4. Bg2 c5 5. Nc3 Nc6 6. O-O O-O 7. d4 d6 8. d5 Na5
9. Nd2 a6 10. Qc2 Rb8 11. Rb1 b5 12. cxb5 axb5 13. b4 cxb4 14. Rxb4 Bd7 15. Qd3
Qe8 16. Ba3 Ng4 17. f4 Qc8 18. Nce4 Qa6 19. h3 Qa7+ 20. Kh1 Ne3 21. Rfb1 Rbc8
22. Bb2 Bxb2 23. R4xb2 Rc7 24. Nf3 Nac4 25. Rb3 Qxa2 26. Nd4 Nxg2 27. Kxg2 Qa8
28. Nxb5 Bxb5 29. Rxb5 Rfc8 30. Kh2 Qa2 31. Nc3 Qd2 32. Rb8 Qxd3 33. exd3 Ne3
34. Rxc8+ Rxc8 35. Rb3 Rc5 36. Kg1 Nxd5 37. Nxd5 Rxd5 38. Kf2 f5 39. Ke3 Ra5 40.
Rb7 Kf7 41. g4 Ra1 42. Kf3 Rh1 43. Kg3 Rd1 44. Rb3 Ke6 45. Kf3 Kd5 46. gxf5 gxf5
47. h4 h5 48. Ke3 Rh1 49. Rb7 Ke6 50. Rb8 Rxh4 51. Rh8 Rh3+ 52. Kd4 Rf3 53. Rh6+
Kd7 54. Rxh5 Rxf4+ 55. Ke3 e5 56. d4 Rxd4 57. Rxf5 Ke6 58. Rf8 Ra4 59. Re8+ Kd5 0-1

[Event "World Blitz 2018"]
[Site "St Petersburg RUS"]
[Date "2018.12.29"]
[Round "6.30"]
[White "Esipenko, Andrey"]
[Black "Grachev, Boris"]
[Result "1/2-1/2"]
[WhiteTitle "GM"]
[BlackTitle "GM"]
[WhiteElo "2593"]
[BlackElo "2626"]
[WhiteFideId "24175439"]
[BlackFideId "4129199"]
[EventDate "2018.12.29"]
[EventType "blitz"]

1. d4 d5 2. Nf3 Nf6 3. Bf4 e6 4. e3 Bd6 5. Bg3 b6 6. c3 O-O 7. Nbd2 Ba6 8. Bxa6
Nxa6 9. Qe2 Nb8 10. a4 a5 11. e4 Be7 12. O-O Nbd7 13. Rad1 Nh5 14. Rfe1 Nxg3 15.
hxg3 Bd6 16. exd5 exd5 17. Qb5 Nf6 18. Nf1 Qd7 19. Qxd7 Nxd7 20. Ne3 Nf6 21. Nf5
Rfe8 22. Nxd6 cxd6 23. Rxe8+ Rxe8 24. Kf1 Kf8 25. Ne1 Ng4 26. Nd3 Nh2+ 27. Kg1
Ng4 28. Nf4 Nf6 29. f3 g5 30. Nd3 Re2 31. g4 h5 32. gxh5 Nxh5 33. Kh2 Nf4 34.
Nxf4 gxf4 35. Rb1 Rc2 36. b4 Ke7 37. bxa5 bxa5 38. Rb5 Ke6 39. Rxa5 Rxc3 40. Ra8
Rc4 41. a5 Rxd4 42. Kh3 Kf5 43. Rd8 Ra4 44. Rxd6 Rxa5 45. Rd8 f6 46. Re8 Ra1 47.
g4+ Kg6 48. Rd8 Rd1 49. Rd7 Rd2 50. Rd6 d4 51. Rd7 Rd1 52. Kg2 d3 53. Kh2 Rd2+
54. Kh3 Kh6 55. Rd6 Kg7 56. Rd7+ Kg6 57. Rd4 Rd1 58. Kg2 d2 59. Rd7 Kh6 60. Rd6
Kg7 61. Rd7+ Kf8 62. Rd4 Ke7 63. Rd3 Ke6 64. Rd8 Ke7 65. Rd4 Ke6 66. Rd8 f5 67.
g5 Kf7 68. Rd6 Kg7 69. Kh2 Rf1 70. Rxd2 Rxf3 71. Rd6 Rg3 72. Rd4 Rg4 73. Kh3 Kg6
74. Rd8 f3 75. Rd3 Rf4 76. Rd1 f2 77. Rf1 Kxg5 78. Kg3 Rg4+ 79. Kf3 Ra4 80. Kg3
Rg4+ 81. Kf3 Re4 82. Kg3 Re2 83. Kf3 Ra2 84. Kg3 Ra4 85. Kf3 Rb4 86. Kg3 Rg4+
87. Kf3 Rh4 88. Kg3 Rd4 89. Rxf2 Rg4+ 90. Kh3 Rh4+ 91. Kg3 Rg4+ 92. Kh3 Rh4+ 93.
Kg3 Rg4+ 94. Kh3 Rf4 95. Rg2+ Kf6 96. Re2 Rg4 97. Re8 Rg7 98. Re1 f4 99. Kh2 Kf5
100. Rg1 Ra7 101. Kg2 Rg7+ 102. Kf2 Ra7 103. Re1 Ra2+ 104. Re2 Ra3 105. Re8 1/2-1/2

[Event "World Blitz 2018"]
[Site "St Petersburg RUS"]
[Date "2018.12.29"]
[Round "6.39"]
[White "Oganian, Miran"]
[Black "Sarana, Alexey"]
[Result "1-0"]
[WhiteTitle "IM"]
[BlackTitle "GM"]
[WhiteElo "2423"]
[BlackElo "2618"]
[WhiteFideId "4122488"]
[BlackFideId "24133795"]
[EventDate "2018.12.29"]
[EventType "blitz"]

1. b3 Nf6 2. Bb2 g6 3. Bxf6 exf6 4. d4 f5 5. e3 Bg7 6. g3 d6 7. Bg2 Nd7 8. Ne2
Nf6 9. O-O h5 10. c4 h4 11. Nd2 Ng4 12. Nf3 hxg3 13. hxg3 c6 14. Re1 Bd7 15. Nf4
Qa5 16. b4 Qxb4 17. Rb1 Qa5 18. Rxb7 Bc8 19. Rb2 O-O 20. Qd2 Qa6 21. Rc1 Bd7 22.
c5 dxc5 23. Rxc5 Rab8 24. Rc1 Rb6 25. Bf1 Qa3 26. Rbc2 Rfb8 27. Bc4 Qd6 28. Ng5
Be8 29. Bb3 Bf6 30. Nf3 Be7 31. Kg2 g5 32. Nd3 Kg7 33. Nde5 f6 34. Nc4 Qd8 35.
Nxb6 axb6 36. Rxc6 Bxc6 37. Rxc6 Bd6 38. Qc2 f4 39. Qf5 Nh6 40. Qe6 Bf8 41. exf4
gxf4 42. Rc1 fxg3 43. fxg3 Qd6 44. Rh1 Rd8 45. Qxd6 Bxd6 46. Be6 Ra8 47. Rc1 b5
48. Rc6 Rd8 49. Rb6 f5 50. Rxb5 Kf6 51. Bb3 Rc8 52. Rb6 Rd8 53. Ne5 Kg5 54. Nf3+
Kf6 55. a4 Ke7 56. a5 Ng4 57. a6 Rb8 58. a7 Rxb6 59. a8=Q Rxb3 60. Qa7+ Kf6 61.
Qa2 Re3 62. Ne5 Bxe5 63. dxe5+ Rxe5 64. Qa6+ Kg5 65. Qa2 Re8 66. Qd2+ Kg6 67.
Kf3 Nf6 68. Qd6 Re4 69. Kg2 Re2+ 70. Kf3 Rc2 71. Qa6 Kg5 72. Ke3 Ng4+ 73. Kd3
Rg2 74. Qd6 Nf6 75. Qf4+ Kg6 76. Qd6 Rd2+ 77. Kxd2 1-0

[Event "World Blitz 2018"]
[Site "St Petersburg RUS"]
[Date "2018.12.29"]
[Round "6.45"]
[White "Huzman, Alexander"]
[Black "Melkumyan, Hrant"]
[Result "0-1"]
[WhiteTitle "GM"]
[BlackTitle "GM"]
[WhiteElo "2580"]
[BlackElo "2670"]
[WhiteFideId "2803828"]
[BlackFideId "13302485"]
[EventDate "2018.12.29"]
[EventType "blitz"]

1. d4 e6 2. c4 b6 3. Nf3 Bb7 4. g3 Bb4+ 5. Bd2 Bxf3 6. exf3 Bxd2+ 7. Qxd2 Ne7 8.
h4 d5 9. Nc3 O-O 10. f4 Nbc6 11. Rd1 dxc4 12. Bxc4 Nb4 13. O-O c6 14. Qe2 Qd7
15. a3 Nbd5 16. Ne4 Rad8 17. Ng5 h6 18. Nf3 Nf5 19. Rc1 Rc8 20. Rfd1 Rfd8 21.
Ba2 a5 22. Bb1 Qd6 23. Bxf5 exf5 24. Ne5 Qe6 25. Qf3 f6 26. Nc4 Qe4 27. Qb3 a4
28. Qc2 Kh7 29. Re1 Qxc2 30. Rxc2 Rc7 31. Rec1 Kg8 32. Ne3 Ne7 33. Rc4 b5 34.
Rc5 Rb7 35. Nxf5 Nxf5 36. Rxf5 Rb6 37. Rd1 Kf7 38. Rc5 Ke6 39. Kg2 Rd5 40. Kf3
Kd6 41. Rc2 b4 42. axb4 Rxb4 43. Rd3 Rbxd4 44. Rdc3 Rd3+ 45. Rxd3 Rxd3+ 46. Ke4
Rd5 47. Rc4 f5+ 48. Ke3 Ra5 49. Rd4+ Kc5 50. Kd3 Ra7 51. Rc4+ Kb5 52. Kc3 c5 53.
h5 a3 0-1

[Event "World Blitz 2018"]
[Site "St Petersburg RUS"]
[Date "2018.12.29"]
[Round "6.68"]
[White "Saric, Ivan"]
[Black "Reshetnikov, Alexey"]
[Result "0-1"]
[WhiteTitle "GM"]
[BlackTitle "IM"]
[WhiteElo "2695"]
[BlackElo "2492"]
[WhiteFideId "14508150"]
[BlackFideId "4162080"]
[EventDate "2018.12.29"]
[EventType "blitz"]

1. e4 c5 2. Nf3 Nc6 3. Nc3 e6 4. d4 cxd4 5. Nxd4 Qc7 6. g3 a6 7. Bg2 Nf6 8. O-O
Bc5 9. Nxc6 dxc6 10. Na4 Ba7 11. c4 Nd7 12. Qg4 O-O 13. Bf4 Qa5 14. Nc3 Bd4 15.
Rad1 Nf6 16. Qh4 e5 17. Bg5 Nd7 18. Bd2 Qd8 19. Qxd8 Rxd8 20. b3 Nc5 21. h3 Ne6
22. Ne2 b5 23. Ba5 Rd7 24. h4 c5 25. Nxd4 Nxd4 26. Bb6 bxc4 27. bxc4 Bb7 28.
Bxc5 Ne2+ 29. Kh2 Rc7 30. Bd6 Rxc4 31. Rd2 Nc3 32. Rc1 f6 33. Bf1 Rc6 34. Rdc2
Rxd6 35. Rxc3 Bxe4 36. Rc7 Rad8 37. Ra7 R8d7 38. Rc8+ Kf7 39. Bc4+ Kg6 40. Rxd7
Rxd7 41. Bxa6 Rd2 42. g4 Rxf2+ 43. Kg3 Rxa2 44. Bc4 Ra3+ 45. Kf2 Rf3+ 46. Ke2
Rg3 47. Be6 h5 48. Kf2 Rf3+ 49. Ke2 hxg4 50. Bxg4 Rf4 51. h5+ Kg5 52. Be6 Bf3+
53. Ke3 Bxh5 54. Rc1 Kh6 55. Rh1 Rf3+ 56. Ke4 Ra3 57. Bf7 g6 58. Kd5 Ra6 59. Be8
Kg7 60. Bb5 Bf3+ 61. Kc5 Bxh1 62. Bxa6 f5 63. Kd6 Kf6 0-1

[Event "World Blitz 2018"]
[Site "St Petersburg RUS"]
[Date "2018.12.29"]
[Round "6.77"]
[White "Makoveev, Ilya"]
[Black "Anikonov, Dmitry"]
[Result "1-0"]
[WhiteTitle "FM"]
[BlackTitle "FM"]
[WhiteElo "2257"]
[BlackElo "2371"]
[WhiteFideId "34155748"]
[BlackFideId "24178012"]
[EventDate "2018.12.29"]
[EventType "blitz"]

1. e4 d6 2. d4 Nf6 3. Nc3 e5 4. Nf3 exd4 5. Nxd4 Be7 6. Be2 O-O 7. O-O Re8 8.
Re1 Nbd7 9. Be3 Bf8 10. Bf3 Ne5 11. Bg5 h6 12. Bh4 Ng6 13. Bg3 Bd7 14. Qd2 c6
15. Rad1 Qc7 16. h3 Rad8 17. a3 Bc8 18. Kh2 b5 19. Qe2 a5 20. b4 axb4 21. axb4
Ne5 22. Nb3 Be6 23. Qe3 Nxf3+ 24. Qxf3 Bxb3 25. cxb3 Nd7 26. Qe3 Qb7 27. Bxd6
Bxd6+ 28. Rxd6 Qc7 29. Qg3 Ne5 30. Rxd8 Rxd8 31. Rd1 Re8 32. f4 Ng6 33. e5 Qe7
34. Ne4 Qxb4 35. Nd6 Re7 36. f5 Nxe5 37. f6 Ng4+ 38. Qxg4 Qxg4 39. hxg4 gxf6 40.
Nf5 Re4 41. Kg3 Rb4 42. Rd3 c5 43. Ne7+ Kg7 44. Nd5 Re4 45. Nc3 Rb4 46. Nd5 Re4
47. Kf3 Re1 48. Nc3 b4 49. Ne4 Rc1 50. Rd2 Kg6 51. Ke3 f5 52. Rd6+ Kg7 53. gxf5
Rb1 54. Nxc5 Rc1 55. Ne4 Rb1 56. Rd3 h5 57. Nd2 Re1+ 58. Kf2 Re5 59. Rf3 Rc5 60.
Rf4 Rc2 61. Ke2 Kf6 62. Rxb4 Kxf5 63. Rc4 Rb2 64. Ke3 Ra2 65. b4 Ra6 66. b5 Rb6
67. Rc5+ 1-0

[Event "World Blitz 2018"]
[Site "St Petersburg RUS"]
[Date "2018.12.29"]
[Round "6.89"]
[White "Vlassov, Nikolai"]
[Black "Piorun, Kacper"]
[Result "1/2-1/2"]
[WhiteTitle "IM"]
[BlackTitle "GM"]
[WhiteElo "2401"]
[BlackElo "2634"]
[WhiteFideId "4103360"]
[BlackFideId "1130420"]
[EventDate "2018.12.29"]
[EventType "blitz"]

1. e4 c6 2. d4 d5 3. e5 c5 4. dxc5 e6 5. Nf3 Bxc5 6. Bd3 Ne7 7. O-O Nbc6 8. c3
Ng6 9. Qe2 Qc7 10. Re1 a6 11. Nbd2 Nf4 12. Qf1 Nxd3 13. Qxd3 O-O 14. Nb3 Be7 15.
Bg5 a5 16. Nbd4 Qd8 17. h4 h6 18. Bxe7 Qxe7 19. Re3 Bd7 20. Rae1 a4 21. h5 Kh8
22. Qe2 a3 23. b3 Qc5 24. Nc2 Ne7 25. Nh4 Bb5 26. Qg4 Bd7 27. Nd4 Nc6 28. Rg3
Rg8 29. Kh2 Qe7 30. Ree3 Nxd4 31. cxd4 b5 32. Qf4 Be8 33. Rg4 Qf8 34. Reg3 Rc8
35. Qd2 b4 36. f4 f5 37. exf6 Qxf6 38. Ng6+ Bxg6 39. Rxg6 Qf5 40. Qe2 Rc2 41.
Qxe6 Qxe6 42. Rxe6 Rxa2 43. Rb6 Rd2 44. Rxb4 Ra8 45. Ra4 Rxa4 46. bxa4 a2 47.
Ra3 Rxd4 48. g3 Rd2+ 49. Kh3 d4 50. a5 Rc2 51. a6 Rc8 52. Rxa2 d3 53. Kg2 Rd8
54. a7 d2 55. a8=Q d1=Q 56. Qf3 Qxf3+ 57. Kxf3 Kh7 58. Kg4 Rd5 59. Ra6 Rc5 60.
Kh4 Rd5 61. g4 Rd1 62. g5 Rg1 1/2-1/2

[Event "World Blitz 2018"]
[Site "St Petersburg RUS"]
[Date "2018.12.29"]
[Round "7.19"]
[White "Kazhgaleyev, Murtas"]
[Black "Gelfand, Boris"]
[Result "1/2-1/2"]
[WhiteTitle "GM"]
[BlackTitle "GM"]
[WhiteElo "2587"]
[BlackElo "2673"]
[WhiteFideId "13700316"]
[BlackFideId "2805677"]
[EventDate "2018.12.29"]
[EventType "blitz"]

1. d4 Nf6 2. c4 e6 3. Nc3 Bb4 4. e3 O-O 5. Bd3 c5 6. Ne2 d5 7. cxd5 cxd4 8. exd4
Nxd5 9. O-O Nc6 10. Nxd5 exd5 11. Nf4 Re8 12. Be3 Bd6 13. Qf3 Nb4 14. Bb1 Qf6
15. a3 Bxf4 16. Qxf4 Qxf4 17. Bxf4 Nc6 18. Be3 Na5 19. Bd3 Nb3 20. Rae1 Bd7 21.
Bc2 Na5 22. Bd2 Nc4 23. Bc3 f6 24. Bd3 Nd6 25. Rxe8+ Rxe8 26. Re1 Rxe1+ 27. Bxe1
Bf5 28. Bf1 Nc4 29. Bc3 Kf7 30. f3 Ke6 31. Kf2 Bc2 32. g3 a6 33. h4 h5 34. Bh3+
Bf5 35. g4 hxg4 36. fxg4 Be4 37. Bf1 Kf7 38. Be2 g6 39. Kg3 g5 40. h5 Nd6 41.
Bb4 Nc4 42. b3 Ne3 43. Kf2 Nc2 44. Bc5 Kg7 45. a4 Na1 46. Bd1 Nc2 47. Ke2 a5 48.
Bb6 Kh6 49. Kd2 Nb4 50. Bxa5 Nc6 51. Bb6 f5 52. gxf5 Bxf5 53. a5 g4 54. Ke3 Kxh5
55. Kf4 Bc8 1/2-1/2